| 000 | 01041nam0a22002651 4500 | ||
|---|---|---|---|
| 001 | rc\4485098 | ||
| 005 | 20250612095450.0 | ||
| 021 |
_aRU _b[64-37087] |
||
| 035 | _a(NLR Aleph) 008604815 | ||
| 090 |
_a8726754 _c8726754 |
||
| 100 | _a20130416d1964 |||y0rusy50 ca | ||
| 101 | 0 | _arus | |
| 102 | _aRU | ||
| 105 | _ay z ||||| | ||
| 200 | 1 |
_aТезисы докладов _fМ-во здравоохранения РСФСР. Курский гос. мед. ин-т. XXIX итоговая сессия Науч. студенческого о-ва. 23-24 апр. 1964 г. |
|
| 210 |
_aКурск _cБ. и. _d1964 |
||
| 215 |
_a52 с. _d20 |
||
| 606 |
_aМедицина _jТезисы докладов _2psbo |
||
| 710 | 0 | 2 |
_aКурский государственный медицинский институт _bСтуденческая научная сессия _d29 _f1964 _9689065 _3RU\NLR\AUTH\880514218 |
| 801 | 0 |
_aRU _bNLR _gpsbo |
|
| 801 | 1 |
_aRU _bELAR _2rusmarc |
|
| 852 |
_aNLR _j64-4/8388 |
||
| 942 | _cBOOK | ||
| 980 | _aNB | ||